German towns and cities by proximity to Krefeld - Statistics

General Stats
  • This quiz has been taken 23 times
  • The average score is 9 of 21
Answer Stats
Location Distance Direction from Krefeld % Correct
Düsseldorf 19.14 km South East
100%
Duisburg 16.9 km North East
95%
Mönchengladbach 17.49 km South West
74%
Neuß 16.9 km South East
74%
Moers 14.2 km North East
63%
Viersen 15.76 km South West
63%
Kempen 11.06 km West
53%
Meerbusch 8.9 km South East
53%
Tönisvorst 8.32 km West
47%
Willich 7.5 km South
47%
Kaarst 11.65 km South
42%
Grefrath 15.7 km West
32%
Nettetal 19.78 km West
32%
Korschenbroich 16.21 km South
26%
Kamp-Lintfort 18.68 km North
21%
Ratingen 20.05 km East
21%
Wachtendonk 17.82 km North West
21%
Rheinberg 24.2 km North
16%
Rheurdt 16.37 km North West
16%
Issum 24.08 km North West
11%
Straelen 24.53 km North West
11%
No matching quizzes found
Score Distribution
Percent of People with Each Score
Percentile by Number Answered
Your Score History
You have not taken this quiz